LEADER 02680nam 2200577Ia 450 001 9910783904403321 005 20230721025436.0 010 $a1-280-92924-3 010 $a9786610929245 010 $a1-84663-549-7 035 $a(CKB)1000000000337246 035 $a(EBL)306209 035 $a(OCoLC)304076719 035 $a(SSID)ssj0000673287 035 $a(PQKBManifestationID)11460860 035 $a(PQKBTitleCode)TC0000673287 035 $a(PQKBWorkID)10642951 035 $a(PQKB)10743704 035 $a(MiAaPQ)EBC306209 035 $a(Au-PeEL)EBL306209 035 $a(CaPaEBR)ebr10185545 035 $a(EXLCZ)991000000000337246 100 $a20070112d2007 uy 0 101 0 $aeng 135 $aur|n|---||||| 181 $ctxt 182 $cc 183 $acr 200 00$aChinese accounting$b[electronic resource] /$feditor Jeffrey Faux 210 $aBradford $cEmerald Group Press$dc2007 215 $a1 online resource (95 p.) 225 0 $aAsian Review of accounting ;$v15, no. 1 300 $aDescription based upon print version of record. 311 $a1-84663-548-9 327 $aCover; CONTENTS; EDITORIAL ADVISORY BOARD; Editorial; The importance in accounting of ambiguity tolerance at the national level; An analysis of current trends in accounting professional development in People's Republic of China; How do the Chinese management accountants cope with changes from a planned economy to a market economy; Accounting education in modern China: an analysis of conditions and observations; Determinants of disclosures of A-, B- and H-share companies; Note from the publisher 330 $aChinese accounting standards and practices are continuing to adapt to international market forces as the Chinese economy opens further to foreign investment. Chinese corporations are playing an ever more significant role in the global economy and the need to understand and interpret financial information produced by these corporations presents a continuing challenge to international fund managers and investors. Many Chinese corporations are now listed on international stock exchanges and have financial reporting obligations governed by non-Chinese regulatory authorities. The Chinese economy is 606 $aAccounting$zChina 606 $aCorporations$xFinance 615 0$aAccounting 615 0$aCorporations$xFinance. 676 $a657 676 $a657/.0951 676 $a657/.0951/09045 701 $aFaux$b Jeffrey$01561559 801 0$bMiAaPQ 801 1$bMiAaPQ 801 2$bMiAaPQ 906 $aBOOK 912 $a9910783904403321 996 $aChinese accounting$93828459 997 $aUNINA LEADER 03627nam 22007695 450 001 9910372741303321 005 20250628110039.0 010 $a9783319999487 010 $a3319999486 024 7 $a10.1007/978-3-319-99948-7 035 $a(CKB)4100000007110976 035 $a(DE-He213)978-3-319-99948-7 035 $a(MiAaPQ)EBC5628067 035 $a(Au-PeEL)EBL5628067 035 $a(OCoLC)1079153746 035 $a(oapen)https://directory.doabooks.org/handle/20.500.12854/37352 035 $a(Perlego)4369248 035 $a(ODN)ODN0010073004 035 $a(oapen)doab37352 035 $a(EXLCZ)994100000007110976 100 $a20181029d2019 u| 0 101 0 $aeng 135 $aurnn#008mamaa 181 $ctxt$2rdacontent 182 $cc$2rdamedia 183 $acr$2rdacarrier 200 10$aReading Breath in Literature /$fby Arthur Rose, Stefanie Heine, Naya Tsentourou, Corinne Saunders, Peter Garratt 205 $a1st ed. 2019. 210 $d2018 210 1$aCham :$cSpringer International Publishing :$cImprint: Palgrave Pivot,$d2019. 215 $a1 online resource (X, 134 p.) 225 1 $aPalgrave Studies in Literature, Science and Medicine,$x2634-6443 311 08$a9783319999470 311 08$a3319999478 327 $a1. Introduction: Reading Breath in Literature - Arthur Rose -- 2. The Play of Breath: Chaucer's Narratives of Feeling - Corinne Saunders -- 3. Wasting Breath in Hamlet - Naya Tsentourou -- 4. Out of Breath: Respiratory Aesthetics from Ruskin to Vernon Lee - Peter Garratt -- 5. Ebb and Flow: Breath-writing from Ancient Rhetoric to Jack Kerouac and Allen Ginsberg - Stefanie Heine -- 6. Combat Breathing in Salman Rushdie's The Moor's Last Sigh - Arthur Rose. 330 $aThis open access book presents five different approaches to reading breath in literature, in response to texts from a range of historical, geographical and cultural environments. Breath, for all its ubiquity in literary texts, has received little attention as a transhistorical literary device. Drawing together scholars of Medieval Romance, Early Modern Drama, Fin de Siècle Aesthetics, American Poetics and the Postcolonial Novel, this book offers the first transhistorical study of breath in literature. At the same time, it shows how the study of breath in literature can contribute to recent developments in the Medical Humanities. . 410 0$aPalgrave Studies in Literature, Science and Medicine,$x2634-6443 606 $aFiction 606 $aDrama 606 $aPoetry 606 $aLiterature$xPhilosophy 606 $aFiction Literature 606 $aDrama 606 $aPoetry and Poetics 606 $aLiterary Theory 615 0$aFiction. 615 0$aDrama. 615 0$aPoetry. 615 0$aLiterature$xPhilosophy. 615 14$aFiction Literature. 615 24$aDrama. 615 24$aPoetry and Poetics. 615 24$aLiterary Theory. 676 $a809.3 686 $aFIC000000$aLIT006000$aLIT013000$aLIT014000$2bisacsh 700 $aRose$b Arthur$4aut$4http://id.loc.gov/vocabulary/relators/aut$0336876 702 $aHeine$b Stefanie$4aut$4http://id.loc.gov/vocabulary/relators/aut 702 $aTsentourou$b Naya$4aut$4http://id.loc.gov/vocabulary/relators/aut 702 $aSaunders$b Corinne$4aut$4http://id.loc.gov/vocabulary/relators/aut 702 $aGarratt$b Peter$4aut$4http://id.loc.gov/vocabulary/relators/aut 801 0$bMiAaPQ 801 1$bMiAaPQ 801 2$bMiAaPQ 906 $aBOOK 912 $a9910372741303321 996 $aReading Breath in Literature$92271071 997 $aUNINA